Guess the 1960s song lyrics #119 - Statistics

General Stats
  • This quiz has been taken 12 times
  • The average score is 86 of 139
Answer Stats
Answer % Correct
a
100%
and
91%
I
91%
love
91%
My
91%
my
91%
you
91%
be
82%
can't
82%
I've
82%
me
82%
the
82%
to
82%
we
82%
do
73%
ever
73%
for
73%
more
73%
No
73%
no
73%
so
73%
that
73%
too
73%
been
64%
could
64%
day
64%
If
64%
if
64%
one
64%
Our
64%
will
64%
always
55%
wait
55%
want
55%
else
45%
hoping
45%
long
45%
made
45%
marry
45%
Paul
45%
Paula
45%
still
45%
through
45%
together
45%
two
45%
waiting
45%
wanna
45%
whole
45%
come
36%
Hey
36%
hey
36%
life
36%
Paul and Paula
36%
school
36%
True
36%
true
36%
waited
36%
Wishes
36%
Being
27%
means
27%
real
27%
soon
27%
planning
18%
No matching quizzes found
Score Distribution
Percent of People with Each Score
Percentile by Number Answered
Your Score History
You have not taken this quiz